<?xml version="1.0" encoding="UTF-8"?>
<collection xmlns:xsi="http://www.w3.org/2001/XMLSchema-instance" xsi:schemaLocation="http://www.loc.gov/MARC21/slim http://www.loc.gov/standards/marcxml/schema/MARC21slim.xsd" xmlns="http://www.loc.gov/MARC21/slim">
 <record>
  <leader>00000cmm a22000003i 4500</leader>
  <controlfield tag="001">UP-1685594773862486078</controlfield>
  <controlfield tag="003">Buklod</controlfield>
  <controlfield tag="005">20230619090610.0</controlfield>
  <controlfield tag="006">m     |  |        </controlfield>
  <controlfield tag="007">ta</controlfield>
  <controlfield tag="008">230530s2019    xx         u        eng d</controlfield>
  <datafield tag="020" ind1=" " ind2=" ">
   <subfield code="a">9781350106727 (ebook)</subfield>
  </datafield>
  <datafield tag="020" ind1=" " ind2=" ">
   <subfield code="a">9781350102521 (ebook)</subfield>
  </datafield>
  <datafield tag="035" ind1=" " ind2=" ">
   <subfield code="a">(iLib)UPBAG-00047322392</subfield>
  </datafield>
  <datafield tag="037" ind1=" " ind2=" ">
   <subfield code="a">ML-1482eb</subfield>
   <subfield code="b">Megatexts Phil. Inc.</subfield>
   <subfield code="c">Php14,560.00</subfield>
   <subfield code="n">College of Social Science</subfield>
  </datafield>
  <datafield tag="040" ind1=" " ind2=" ">
   <subfield code="a">OLC</subfield>
   <subfield code="d">BAG</subfield>
   <subfield code="e">rda</subfield>
  </datafield>
  <datafield tag="041" ind1="0" ind2=" ">
   <subfield code="a">eng</subfield>
  </datafield>
  <datafield tag="090" ind1=" " ind2="0">
   <subfield code="a">ML-ebook</subfield>
  </datafield>
  <datafield tag="245" ind1="0" ind2="0">
   <subfield code="a">Empire and the social sciences</subfield>
   <subfield code="b">global histories of knowledge</subfield>
   <subfield code="h">[electronic resource]</subfield>
   <subfield code="c">edited by Jeremy Adelman.</subfield>
  </datafield>
  <datafield tag="264" ind1=" " ind2="1">
   <subfield code="a">London, UK</subfield>
   <subfield code="b">Bloomsbury Academic</subfield>
   <subfield code="c">[2019]</subfield>
  </datafield>
  <datafield tag="300" ind1=" " ind2=" ">
   <subfield code="a">1 online resource (ix, 233 pages)</subfield>
  </datafield>
  <datafield tag="336" ind1=" " ind2=" ">
   <subfield code="a">text</subfield>
   <subfield code="2">rdacontent</subfield>
  </datafield>
  <datafield tag="337" ind1=" " ind2=" ">
   <subfield code="a">computer</subfield>
   <subfield code="2">rdamedia</subfield>
  </datafield>
  <datafield tag="338" ind1=" " ind2=" ">
   <subfield code="a">online resource</subfield>
   <subfield code="2">rdacarrier</subfield>
  </datafield>
  <datafield tag="504" ind1=" " ind2=" ">
   <subfield code="a">Includes bibliographical references and index.</subfield>
  </datafield>
  <datafield tag="505" ind1="0" ind2=" ">
   <subfield code="a">Introduction: social science and empire - a durable tension / Jeremy Adelman -- A new system of imperial government: political economy and the Spanish theory of commercial empire, ca. 1740-50 / Fidel Tavarez -- Poor Mao's almanack? Empire, political economy, and the transformation of social science / Sophus A. Reinert -- Utilitarianism and the question of free labor in Russia and India in the eighteenth-nineteenth centuries / Alessandro Stanziani -- Geography and the reshaping of the modern Chinese empire / Shellen Wu -- The periphery's order: opium and moral wreckage in British Burma / Diana Kim -- Custom in the archive: the birth of modern Chinese law at the end of empire / Matthew Erie -- Nitobe Inazo and the diffusion of a knowledgeable empire / Alexis Dudden -- Modern imperialism and international law: Carl Schmitt and Ernst Rudolf Huber on the 'International Legal Order of Great Spaces' / Josh Derman -- Knowledge as power: internationalism, information, and US global ambitions / David Ekbladh -- Knowledge for empire: American hegemony, the Rockefeller Foundation, and the rise of academic international relations in the United States / Inderjeet Parmar -- Circumventing imperialism: the global economy in Latin American social sciences / Margarita Fajardo -- Western international theory, 1492-2010: performing Western supremacy and Western imperialism / John M. Hobson -- Epilogue: empire and the global knowledge regime / Jeremy Adelman.</subfield>
  </datafield>
  <datafield tag="520" ind1=" " ind2=" ">
   <subfield code="a">&quot;This thought-provoking and original collection looks at how intellectuals and their disciplines have been shaped, halted and advanced by the rise and fall of empires. It illuminates how ideas did not just reflect but also moulded global order and disorder by informing public policies and discourse. Ranging from early modern European empires to debates about recent American hegemony, Empire and the Social Sciences shows that world history cannot be separated from the empires that made it, and reveals the many ways in which social scientists constructed empires as we know them. Taking a truly global approach from China and Japan to modern America, the contributors collectively tackle a long durée of the modern world from the Enlightenment to the present day. Linking together specific moments of world history it also puts global history at the center of a debate about globalization of the social sciences. It thus crosses and integrates several disciplines and offers graduate students, scholars and faculty an approach that intersects fields, crosses regions and maps a history of global social sciences.&quot;--Bloomsbury Publishing</subfield>
  </datafield>
  <datafield tag="650" ind1=" " ind2="0">
   <subfield code="a">Knowledge, Sociology of</subfield>
   <subfield code="x">History.</subfield>
  </datafield>
  <datafield tag="650" ind1=" " ind2="0">
   <subfield code="a">Imperialism</subfield>
   <subfield code="x">Social aspects</subfield>
   <subfield code="x">History.</subfield>
  </datafield>
  <datafield tag="650" ind1=" " ind2="0">
   <subfield code="a">Social sciences and history.</subfield>
  </datafield>
  <datafield tag="700" ind1="1" ind2=" ">
   <subfield code="a">Adelman, Jeremy</subfield>
   <subfield code="e">editor.</subfield>
  </datafield>
  <datafield tag="856" ind1="4" ind2="0">
   <subfield code="u">https://www.bloomsburycollections.com/book/empire-and-the-social-sciences-global-histories-of-knowledge</subfield>
   <subfield code="z">Available for University of the Philippines Baguio via Bloomsbury Collection. Click here to access</subfield>
  </datafield>
  <datafield tag="856" ind1="4" ind2="0">
   <subfield code="a">(viewed 30 May 2023)</subfield>
  </datafield>
  <datafield tag="905" ind1=" " ind2=" ">
   <subfield code="a">FO</subfield>
  </datafield>
  <datafield tag="852" ind1="0" ind2=" ">
   <subfield code="a">UPBAG</subfield>
   <subfield code="b">UPBAG-MAIN</subfield>
   <subfield code="h">ML-ebook</subfield>
  </datafield>
  <datafield tag="942" ind1=" " ind2=" ">
   <subfield code="a">Electronic Resource</subfield>
  </datafield>
 </record>
</collection>
